CBSE SAMPLE QUESTION PAPERS MATHEMATICS (STANDARD )CLASS 10 (Record no. 11843)

MARC details
000 -LEADER
fixed length control field 00287nam a22000977a 4500
008 - FIXED-LENGTH DATA ELEMENTS--GENERAL INFORMATION
fixed length control field 210225b ||||| |||| 00| 0 eng d
020 ## - INTERNATIONAL STANDARD BOOK NUMBER
International Standard Book Number 9789389340693
100 ## - MAIN ENTRY--PERSONAL NAME
Personal name OSWAAL BOOKS
245 ## - TITLE STATEMENT
Title CBSE SAMPLE QUESTION PAPERS MATHEMATICS (STANDARD )CLASS 10
260 ## - PUBLICATION, DISTRIBUTION, ETC. (IMPRINT)
Place of publication, distribution, etc. DELHI
Name of publisher, distributor, etc. OSWAAL BOOKS
Date of publication, distribution, etc. 2019
Holdings
Withdrawn status Lost status Source of classification or shelving scheme Damaged status Koha normalized classification for sorting Not for loan Home library Current library Shelving location Date acquired Total Checkouts Full call number Barcode Date last seen Date last checked out Price effective from Koha item type
    Dewey Decimal Classification   510_000000000000000   Good Samaritan School Library Good Samaritan School Library Mathematics 02/25/2021 2 510 QSW15951 11/23/2021 03/15/2021 02/25/2021 BOOK

Powered by Koha